| 000 | 01273nam0a22002771 4500 | ||
|---|---|---|---|
| 001 | rc\4767536 | ||
| 005 | 20260407124116.0 | ||
| 021 |
_aRU _b[69-20507] |
||
| 035 | _a(NLR Aleph) 009021059 | ||
| 090 |
_a9428532 _c9428532 |
||
| 100 | _a20130417d1968 |||y0rusy50 ca | ||
| 101 | 0 | _arus | |
| 102 | _aRU | ||
| 105 | _ay ac ||||| | ||
| 200 | 1 |
_aМашиностроительная промышленность Казахстана _eБиблиогр. указатель литературы за 1961-1967 гг. _fГосплан Каз. ССР. Центр. ин-т науч.-техн. информации. Респ. науч.-техн. б-ка Каз. ССР |
|
| 210 |
_aАлма-Ата _cБ. и. _d1968 |
||
| 215 |
_a56 с. _d20 |
||
| 300 | _aВ вып. дан. сост.: Уразова М.И. | ||
| 606 |
_aМашиностроительная промышленность _yКазахская ССР _jБиблиография _2psbo |
||
| 702 | 1 |
_aУразова _bМ.И. _4220 |
|
| 712 | 0 | 2 |
_aКазахская республиканская научно-техническая библиотека _cАлма-Ата _3RU\NLR\AUTH\889964733 _9425680 |
| 801 | 0 |
_aRU _bNLR _gpsbo |
|
| 801 | 1 |
_aRU _bELAR _2rusmarc |
|
| 852 |
_aNLR _jС307-420/М38 |
||
| 942 | _cBOOK | ||
| 980 | _aNB | ||